000 00635nam a22001577a 4500
003 OSt
005 20151130100935.0
008 151130b xxu||||| |||| 00| 0 eng d
040 _cRUA
082 _aFIS TOL 1997 B168 Or.1
100 _94007
_aTOL, BUNNA.
245 _aeconomic market of fish cage culture in russey koe, phnom penh (ទីផ្សារសេដ្ឋកិច្ច នៃការចិញ្ចឹមត្រីតាមបែក្នុងស្រុកឬស្សីកែវ រាជធានីភ្នំពេញ)
260 _aPhnom Penh
_bRUA
_c1997
300 _a57p.
_bill.
_c29cm.
942 _2ddc
_cFIS
999 _c3727
_d3727